Most common pope names - Statistics

General Stats
  • This quiz has been taken 3,362 times
    2,998 since last reset
  • The average score is 13 of 38
Answer Stats
Hint Answer % Correct
21-23 John
97%
6 Paul
89%
15-16 Benedict
82%
1 Francis
76%
2 John Paul
72%
12 Pius
71%
13 Innocent
60%
13 Leo
58%
8 Urban
57%
16 Gregory
53%
7-8 Alexander
50%
14 Clement
47%
9 Stephen
37%
8-9 Boniface
33%
5 Sixtus
31%
3 Julius
30%
6 Adrian
27%
5 Nicholas
26%
3-5 Martin
23%
3 Victor
20%
5 Celestine
18%
3 Sylvester
18%
3-4 Felix
17%
4 Honorius
17%
4 Eugene
16%
3 Lucius
16%
2 Marcellus
15%
2 Theodore
15%
3 Callixtus
14%
4 Anastasius
12%
4 Sergius
12%
2 Paschal
11%
2 Damasus
10%
2 Gelasius
10%
2 Marinus
10%
2 Agapetus
9%
2 Pelagius
9%
2 Adeodatus
8%
No matching quizzes found
Score Distribution
Percent of People with Each Score
Percentile by Number Answered
Your Score History
You have not taken this quiz since the last reset